000
00329 a2200145 4500
001
153606
040
_c
Escola São Tomás de Aquino
100
_a
JOSÉ, Ganymédes
240
1
0
_a
O solar assombrado
_l
por
245
1
0
_a
O solar assombrado
362
0
_a
1990
440
1
_a
Atual
697
_a
*LITERATURA JUVENIL
942
_c
BK
999
_c
153606
_d
153606